Екологія людини (Запис № 422336)
[ простий вигляд ]
| 000 -Лідер | |
|---|---|
| fixed length control field | 00710nam a22002297a 4500 |
| 003 - Ідентифікатор контрольного номера | |
| control field | UA-OsUOA |
| 001 - Контрольний номер | |
| control field | 134980 |
| 007 - Фіксоване поле фізичного опису | |
| fixed length control field | ta |
| 008 - Елементи даних фіксованої довжини – загальна інформація | |
| fixed length control field | 20181219b un ||||| |||| 00| 0 ukr d |
| 090 ## - Локальний шифр розміщення | |
| Авторський знак (НП) | З-23 |
| 040 ## - Джерело каталогізації | |
| Агенція оригінальної каталогізації | UA-OsUOA |
| Мова каталогізації | ukr |
| Агенція, яка здійснювала перезапис | UA-OsUOA |
| Агенція, яка здійснювала модифікацію | UA-OsUOA |
| 041 ## - Код мови | |
| Код мови тексту/ звукової доріжки чи окремого заголовка (П) | ukr |
| 100 ## - Основне введення – ім’я особи | |
| Ім’я особи (НП) | Залеський І. І. |
| 245 ## - Відомості про назву | |
| Назва (НП) | Екологія людини |
| 260 ## - Публікація, розповсюдження і т.п. (Вихідні дані) | |
| Місце публікації, розповсюдження і т.п. (П) | Рівне |
| Дата публікації, розповсюдження і т.п. (П) | 2013 |
| 300 ## - Фізичний опис | |
| Обсяг | 385 с. |
| 650 #7 - Додаткове предметне введення – тематичний термін | |
| Джерело заголовка чи терміна | UDC |
| 700 ## - Додаткове введення – ім'я особи | |
| Ім’я особи (НП) | Клименко М. О. |
| 856 40 - Електронне місцезнаходження та доступ | |
| Уніфікований ідентифікатор ресурсу (П) | http://ep3.nuwm.edu.ua/2729/1/%D0%97%D0%B0%D0%BB%D0%B5%D1%81%D1%8C%D0%BA%D0%B8%D0%B9%20%D0%86.%D0%86.%20%D0%95%D0%BA%D0%BE%D0%BB%D0%BE%D0%B3%D1%96%D1%8F%20%D0%BB%D1%8E%D0%B4%D0%B8%D0%BD%D0%B8.pdf |
| 942 ## - Додаткові елементи входу (Коха) | |
| Тип елемента Koha | ЕКнига |
| 955 ## - Код типу видання за змістом | |
| Код типу видання за змістом (НП) | Навчальні видання |
Немає доступних примірників.